000 00455nam a2200157 i 4500
001 20275
003 ES-MaACL
005 20230906152252.0
007 t|
008 021111s1972 sp ||||1| spa d
100 1 _aAguirre Bellver, Joaquín.
_918854
245 1 0 _aPor los pasillos de las Cortes /
_cJoaquín Bellver Aguirre.
260 _aMadrid :
_bG. del Toro,
_c[1972]
300 _a263 p., 16 lám. ;
_c23 cm.
852 _aES-MaACL
_jC-42614
_bR.81473
999 _c20275
_d20275